Backward bifurcation for pulse vaccination

Elmentve itt :
Bibliográfiai részletek
Szerzők: Röst Gergely
Vizi Zsolt
Dokumentumtípus: Cikk
Megjelent: 2014
Sorozat:NONLINEAR ANALYSIS-HYBRID SYSTEMS 14
doi:10.1016/j.nahs.2014.05.008

mtmt:2592193
Online Access:http://publicatio.bibl.u-szeged.hu/8597
LEADER 00664nab a2200205 i 4500
001 publ8597
005 20190523125351.0
008 170323s2014 hu o 0|| angol d
022 |a 1751-570X 
024 7 |a 10.1016/j.nahs.2014.05.008  |2 doi 
024 7 |a 2592193  |2 mtmt 
040 |a SZTE Publicatio Repozitórium  |b hun 
041 |a angol 
100 1 |a Röst Gergely 
245 1 0 |a Backward bifurcation for pulse vaccination  |h [elektronikus dokumentum] /  |c  Röst Gergely 
260 |c 2014 
300 |a 99-113 
490 0 |a NONLINEAR ANALYSIS-HYBRID SYSTEMS  |v 14 
700 0 1 |a Vizi Zsolt  |e aut 
856 4 0 |u http://publicatio.bibl.u-szeged.hu/8597/1/NAHS461.pdf  |z Dokumentum-elérés